000
00263nam a2200085Ia 4500
245
0
_a
Client service excellence : the 10 commandments
100
_a
O'Sullivan, Larry Randburg [South Africa], 2010
942
_c
BK
008
210819s9999 xx 000 0 und d
999
_c
307513
_d
307512